[Event "EU-chT 23rd"]
[Site "Terme Catez"]
[Date "2021.11.18"]
[Round "6.1"]
[White "Ragger, Markus"]
[Black "Lenic, Luka"]
[Result "1/2-1/2"]
[WhiteElo "2668"]
[BlackElo "2633"]
[PlyCount "64"]
[EventDate "2021.11.12"]
[EventType "team-swiss"]
[EventRounds "9"]
[EventCountry "SLO"]
[SourceTitle "CBM 205"]
[Source "ChessBase"]
[SourceDate "2021.12.31"]
[SourceVersion "1"]
[SourceVersionDate "2021.12.31"]
[SourceQuality "1"]
[WhiteTeam "Austria"]
[BlackTeam "Slovenia"]
[WhiteTeamCountry "AUT"]
[BlackTeamCountry "SLO"]

1. Nf3 Nf6 2. c4 g6 3. Nc3 d5 4. d4 Bg7 5. Bg5 Ne4 6. Bf4 Nxc3 7. bxc3 c5 8. e3 0-0 9. cxd5 cxd4 10. cxd4 Qxd5 11. Be2 Qa5+ 12. Qd2 Qxd2+ 13. Kxd2 Nc6 14. Rhc1 Rd8 15. Bd3 e5 16. Nxe5 Bxe5 17. Bxe5 Nxe5 18. dxe5 Bf5 19. Rc3 Rd5 20. Ke2 Bxd3+ 21. Rxd3 Rxe5 22. Rc1 Rae8 23. Rc7 R8e7 24. Rdd7 Rxd7 25. Rxd7 Ra5 26. Rxb7 Rxa2+ 27. Kf3 h5 28. h4 Kg7 29. Kg3 Ra3 30. Kf4 Ra2 31. Kg3 Ra3 32. Kf4 Ra2 1/2-1/2

[Event "Online Olym Div Top-B"]
[Site "Chess.com INT"]
[Date "2021.09.10"]
[Round "9.2"]
[White "Lenic, Luka"]
[Black "Vidit, Santosh Gujrathi"]
[Result "0-1"]
[WhiteElo "2627"]
[BlackElo "2727"]
[PlyCount "48"]
[EventDate "2021.09.08"]
[EventType "team (rapid)"]
[EventRounds "9"]
[EventCountry "USA"]
[SourceTitle "CBM 204 Extra"]
[Source "ChessBase"]
[SourceDate "2021.11.30"]
[SourceVersion "1"]
[SourceVersionDate "2021.11.30"]
[SourceQuality "1"]
[WhiteTeam "Slovenia"]
[BlackTeam "India"]
[WhiteTeamCountry "SLO"]
[BlackTeamCountry "IND"]

1. d4 Nf6 2. c4 e6 3. Nc3 Bb4 4. Qc2 0-0 5. a3 Bxc3+ 6. Qxc3 d5 7. Bg5 c5 8. cxd5 cxd4 9. Qxd4 Nc6 10. Qd2 exd5 11. Nf3 h6 12. Bxf6 Qxf6 13. e3 d4 14. Nxd4 Rd8 15. Rd1 Nxd4 16. exd4 Be6 17. Be2 Bb3 18. Rc1 Rxd4 19. Qe3 Ba4 20. 0-0 Re8 21. Qf3 Rf4 22. Qd3 Qxb2 23. Bf3 Bb5 24. Qd6 Rf6 0-1

[Event "Online Olym Div2 D"]
[Site "Chess.com INT"]
[Date "2021.09.04"]
[Round "8.3"]
[White "Lenic, Luka"]
[Black "Ouaret, Abdelouhab"]
[Result "1/2-1/2"]
[WhiteElo "2627"]
[BlackElo "2085"]
[PlyCount "128"]
[EventDate "2021.09.02"]
[EventType "team (rapid)"]
[EventRounds "9"]
[EventCountry "USA"]
[SourceTitle "CBM 204 Extra"]
[Source "ChessBase"]
[SourceDate "2021.11.30"]
[SourceVersion "1"]
[SourceVersionDate "2021.11.30"]
[SourceQuality "1"]
[WhiteTeam "Slovenia"]
[BlackTeam "Algeria"]
[WhiteTeamCountry "SLO"]
[BlackTeamCountry "ALG"]

1. d4 d5 2. c4 c6 3. Nf3 Nf6 4. Nc3 e6 5. Bg5 Nbd7 6. e3 Qa5 7. Nd2 Bb4 8. Rc1 0-0 9. Bxf6 Nxf6 10. a3 Bxc3 11. Rxc3 Qc7 12. Qc2 e5 13. dxe5 Qxe5 14. Bd3 Qg5 15. Kf1 Re8 16. Nf3 Qh5 17. cxd5 Nxd5 18. Rc5 b6 19. Rc4 Ba6 20. Rd4 Bxd3+ 21. Qxd3 Nf6 22. Ke2 c5 23. Rh4 Qg6 24. Qxg6 hxg6 25. Nd2 Rad8 26. Rc1 Rd7 27. Rc2 Red8 28. Rhc4 Kf8 29. f3 Ke7 30. e4 Ne8 31. a4 Nd6 32. R4c3 f6 33. Nf1 g5 34. Ne3 Nf7 35. Nd5+ Ke6 36. b4 cxb4 37. Rc6+ Rd6 38. Rc7 R8d7 39. Rc8 Ne5 40. Nxb4 Nd3 41. Nxd3 Rxd3 42. R8c4 Ra3 43. Kf2 Kf7 44. Kg3 Kg6 45. Kg4 Ra1 46. h4 gxh4 47. Kxh4 Kh6 48. Kg4 Kg6 49. f4 Rd3 50. Re2 Raa3 51. f5+ Kh7 52. Kf4 g5+ 53. fxg6+ Kxg6 54. Rf2 Rd6 55. e5 fxe5+ 56. Kxe5 Rad3 57. Rg4+ Kh5 58. Re4 R3d5+ 59. Kf4 Rf6+ 60. Ke3 Rxf2 61. Kxf2 Rd3 62. Re7 a5 63. Re6 Ra3 64. Rxb6 Rxa4 1/2-1/2

[Event "Online Olym Div2 D"]
[Site "Chess.com INT"]
[Date "2021.09.04"]
[Round "7.3"]
[White "Perez Ponsa, Federico"]
[Black "Lenic, Luka"]
[Result "1/2-1/2"]
[WhiteElo "2554"]
[BlackElo "2627"]
[PlyCount "54"]
[EventDate "2021.09.02"]
[EventType "team (rapid)"]
[EventRounds "9"]
[EventCountry "USA"]
[SourceTitle "CBM 204 Extra"]
[Source "ChessBase"]
[SourceDate "2021.11.30"]
[SourceVersion "1"]
[SourceVersionDate "2021.11.30"]
[SourceQuality "1"]
[WhiteTeam "Argentina"]
[BlackTeam "Slovenia"]
[WhiteTeamCountry "ARG"]
[BlackTeamCountry "SLO"]

1. d4 Nf6 2. c4 e6 3. Nc3 Bb4 4. Qc2 d5 5. cxd5 Qxd5 6. e3 c5 7. Bd2 Bxc3 8. Bxc3 cxd4 9. Bxd4 Nc6 10. Bc3 0-0 11. Nf3 Rd8 12. Be2 Qe4 13. Rc1 Qxc2 14. Rxc2 Nd5 15. Ne5 Nxe5 16. Bxe5 f6 17. Bc7 Nxc7 18. Rxc7 Rd7 19. Rc3 e5 20. Bc4+ Kf8 21. Ke2 Rd6 22. Bb3 Bd7 23. Rc7 Bb5+ 24. Kf3 Bc6+ 25. Kg3 Rd7 26. Rxd7 Bxd7 27. Bd5 Ke7 1/2-1/2

[Event "Online Olym Div2 D"]
[Site "Chess.com INT"]
[Date "2021.09.03"]
[Round "6.4"]
[White "Lenic, Luka"]
[Black "Diaz Rosas, Julio Cesar"]
[Result "1-0"]
[WhiteElo "2627"]
[BlackElo "2393"]
[PlyCount "93"]
[EventDate "2021.09.02"]
[EventType "team (rapid)"]
[EventRounds "9"]
[EventCountry "USA"]
[SourceTitle "CBM 204 Extra"]
[Source "ChessBase"]
[SourceDate "2021.11.30"]
[SourceVersion "1"]
[SourceVersionDate "2021.11.30"]
[SourceQuality "1"]
[WhiteTeam "Slovenia"]
[BlackTeam "Mexico"]
[WhiteTeamCountry "SLO"]
[BlackTeamCountry "MEX"]

1. d4 Nf6 2. c4 g6 3. Nc3 d5 4. cxd5 Nxd5 5. e4 Nxc3 6. bxc3 Bg7 7. Be3 c5 8. Nf3 Qa5 9. Qd2 0-0 10. Rb1 a6 11. Rc1 Nd7 12. Bd3 e5 13. d5 f5 14. Bh6 fxe4 15. Bxg7 Kxg7 16. Bxe4 Nf6 17. c4 Qa4 18. Qc2 Qa5+ 19. Qd2 Qa4 20. Bb1 e4 21. Ng5 Bf5 22. Qc3 Rae8 23. 0-0 h6 24. Nh3 Qd7 25. Nf4 Qd6 26. Qg3 Re5 27. Rfe1 Kh7 28. Nd3 exd3 29. Qxe5 Qxe5 30. Rxe5 b5 31. Rxf5 gxf5 32. Bxd3 bxc4 33. Rxc4 Nxd5 34. Rxc5 Nb4 35. Rxf5 Kg7 36. Rxf8 Kxf8 37. Bc4 Ke7 38. h4 Kd6 39. g4 Kc5 40. Bg8 Kd4 41. Kg2 Nd3 42. Kg3 a5 43. f4 Nc5 44. g5 Ke3 45. gxh6 Ne4+ 46. Kg4 Nf6+ 47. Kg5 1-0

[Event "SLO-chT 29th"]
[Site "Slovenia"]
[Date "2019.12.21"]
[Round "8.3"]
[White "Lenic, Luka"]
[Black "Muha, Miljenko"]
[Result "0-1"]
[WhiteElo "2644"]
[BlackElo "2343"]
[PlyCount "108"]
[EventDate "2019.09.06"]
[EventType "team-tourn"]
[EventRounds "9"]
[EventCountry "SLO"]
[SourceTitle "CBM 195 Extra"]
[Source "ChessBase"]
[SourceDate "2020.05.31"]
[SourceVersion "1"]
[SourceVersionDate "2020.05.31"]
[SourceQuality "1"]
[WhiteTeam "Ljubljana"]
[BlackTeam "Krsko Triglav"]
[WhiteTeamCountry "SLO"]
[BlackTeamCountry "SLO"]

1. c4 Nf6 2. Nf3 c6 3. d4 d5 4. Nc3 dxc4 5. a4 a5 6. Ne5 e6 7. e3 Bb4 8. Bxc4 0-0 9. 0-0 Nbd7 10. f4 Nd5 11. Ne4 f5 12. Nxd7 Bxd7 13. Ng5 h6 14. Nf3 Be8 15. Qc2 b5 16. Bb3 Rc8 17. e4 fxe4 18. Qxe4 Qd6 19. Bc2 Nf6 20. Qe2 bxa4 21. Be3 c5 22. Rfd1 c4 23. Ne5 c3 24. bxc3 Rxc3 25. Rdc1 Nd5 26. Bd2 Nxf4 27. Qe4 Rxc2 28. Rxc2 Qxd4+ 29. Qxd4 Ne2+ 30. Kh1 Nxd4 31. Bxb4 Nxc2 32. Bxf8 Nxa1 33. Bc5 Bb5 34. Nf3 Nb3 35. Ba3 Bc6 36. Ne5 Bd5 37. Bb2 Kf8 38. Kg1 Ke7 39. Kf2 Kd6 40. Nd3 Bc4 41. Ne1 g6 42. Ke3 Kd5 43. Nc2 e5 44. Na3 Nd4 45. Bc3 Nf5+ 46. Kf2 Bd3 47. g4 Ne7 48. Ke3 e4 49. Bxa5 h5 50. h3 hxg4 51. hxg4 Kc5 52. Kf4 Nd5+ 53. Ke5 e3 54. Be1 g5 0-1

[Event "SLO-chT 29th"]
[Site "Slovenia"]
[Date "2019.11.24"]
[Round "6.2"]
[White "Lenic, Luka"]
[Black "Kastelic, Marian"]
[Result "1-0"]
[WhiteElo "2644"]
[BlackElo "2248"]
[PlyCount "73"]
[EventDate "2019.09.06"]
[EventType "team-tourn"]
[EventRounds "9"]
[EventCountry "SLO"]
[SourceTitle "CBM 193 Extra"]
[Source "ChessBase"]
[SourceDate "2020.01.31"]
[SourceVersion "1"]
[SourceVersionDate "2020.01.31"]
[SourceQuality "1"]
[WhiteTeam "Ljubljana"]
[BlackTeam "Novo Mesto Krka"]
[WhiteTeamCountry "SLO"]
[BlackTeamCountry "SLO"]

1. d4 Nf6 2. c4 e6 3. Nc3 d5 4. cxd5 exd5 5. Bg5 Be7 6. Qc2 c6 7. e3 Nbd7 8. Bd3 h6 9. Bh4 Nh5 10. Bxe7 Qxe7 11. Nge2 Nhf6 12. 0-0-0 0-0 13. Kb1 Nb6 14. h3 Nc4 15. e4 Qb4 16. Qb3 Qxb3 17. axb3 Nb6 18. e5 Ne8 19. f4 f5 20. Rdg1 h5 21. Nd1 g6 22. g4 Ng7 23. gxh5 gxh5 24. Rg6 Kf7 25. Rhg1 Rg8 26. Rf6+ Ke7 27. Ne3 Be6 28. Rh6 Raf8 29. Rg5 Rf7 30. Ng3 Nd7 31. Nxh5 Nxh5 32. Rhxh5 Rxg5 33. Rxg5 Nf8 34. Kc2 Kd8 35. Nxf5 Rh7 36. Nd6 Rxh3 37. f5 1-0

[Event "EU-chT 22nd"]
[Site "Batumi"]
[Date "2019.11.02"]
[Round "9.1"]
[White "Lenic, Luka"]
[Black "Naiditsch, Arkadij"]
[Result "1/2-1/2"]
[WhiteElo "2644"]
[BlackElo "2643"]
[PlyCount "49"]
[EventDate "2019.10.24"]
[EventType "team-swiss"]
[EventRounds "9"]
[EventCountry "GEO"]
[SourceTitle "CBM 193"]
[Source "ChessBase"]
[SourceDate "2019.12.31"]
[SourceVersion "1"]
[SourceVersionDate "2019.12.31"]
[SourceQuality "1"]
[WhiteTeam "Slovenia"]
[BlackTeam "Azerbaijan"]
[WhiteTeamCountry "SLO"]
[BlackTeamCountry "AZE"]

1. d4 Nf6 2. c4 e6 3. g3 d5 4. Bg2 Be7 5. Nf3 0-0 6. 0-0 dxc4 7. Ne5 Nc6 8. Bxc6 bxc6 9. Nxc6 Qe8 10. Nxe7+ Qxe7 11. Qa4 e5 12. dxe5 Qxe5 13. Qxc4 Be6 14. Qc2 Bf5 15. Qd2 Bh3 16. Re1 Rad8 17. Qc3 Qd5 18. f3 Rfe8 19. Na3 Qb7 20. Qb3 Qa6 21. Qb5 Qe6 22. Qb3 Qa6 23. Qb5 Qe6 24. Qb3 Qa6 25. Qb5 1/2-1/2

[Event "AUT-chT 1920"]
[Site "Austria"]
[Date "2019.10.10"]
[Round "1.2"]
[White "Lenic, Luka"]
[Black "Dragnev, Valentin"]
[Result "0-1"]
[WhiteElo "2644"]
[BlackElo "2550"]
[PlyCount "78"]
[EventDate "2019.10.10"]
[EventType "team-tourn"]
[EventRounds "11"]
[EventCountry "AUT"]
[SourceTitle "EXT 2020"]
[Source "ChessBase"]
[SourceDate "2019.10.17"]
[SourceVersion "1"]
[SourceVersionDate "2019.10.17"]
[SourceQuality "1"]
[WhiteTeam "Raika Feffernitz"]
[BlackTeam "Wien Ottakring"]
[WhiteTeamCountry "AUT"]
[BlackTeamCountry "AUT"]

1. d4 Nf6 2. c4 e6 3. Nf3 d5 4. Nc3 c5 5. cxd5 Nxd5 6. e4 Nxc3 7. bxc3 cxd4 8. cxd4 Bb4+ 9. Bd2 Bxd2+ 10. Qxd2 0-0 11. Bc4 Nd7 12. 0-0 b6 13. Rfe1 Bb7 14. Rad1 Rc8 15. Bb3 Re8 16. h3 Nf6 17. Qf4 Nh5 18. Qh2 h6 19. h4 b5 20. Ne5 Nf6 21. Qf4 a5 22. Rd3 Re7 23. Bd1 Rec7 24. Bf3 b4 25. g4 Nh7 26. d5 Qf6 27. Qg3 exd5 28. exd5 Rc1 29. Rxc1 Rxc1+ 30. Kg2 Rc3 31. Be4 Rxd3 32. Nxd3 Qd8 33. Qe5 Nf6 34. Nf4 Nxg4 35. Ne6 fxe6 36. Qxe6+ Kh8 37. Qxg4 Bxd5 38. Qf5 Bg8 39. Bc2 Qd5+ 0-1

[Event "CRO-chT1B 28th"]
[Site "Mali Losinj"]
[Date "2019.10.05"]
[Round "8.41"]
[White "Lenic, Luka"]
[Black "Medvegy, Zoltan"]
[Result "0-1"]
[WhiteElo "2644"]
[BlackElo "2539"]
[PlyCount "110"]
[EventDate "2019.09.28"]
[EventType "team-tourn"]
[EventRounds "9"]
[EventCountry "CRO"]
[SourceTitle "EXT 2020"]
[Source "ChessBase"]
[SourceDate "2019.10.17"]
[SourceVersion "1"]
[SourceVersionDate "2019.10.17"]
[SourceQuality "1"]
[WhiteTeam "Sesvete Agroproteinka"]
[BlackTeam "Bibinje Goran"]
[WhiteTeamCountry "CRO"]
[BlackTeamCountry "CRO"]

1. d4 Nf6 2. c4 e6 3. Nf3 d5 4. Nc3 Be7 5. Bf4 0-0 6. e3 b6 7. Rc1 Bb7 8. cxd5 Nxd5 9. Nxd5 Qxd5 10. a3 c5 11. Bc4 Qd8 12. 0-0 Nc6 13. dxc5 bxc5 14. Qc2 Qb6 15. Bd3 h6 16. Nd2 Na5 17. Be5 Rac8 18. Bh7+ Kh8 19. Be4 Ba6 20. Rfd1 Nc6 21. Nf3 Rfd8 22. Rxd8+ Rxd8 23. b4 c4 24. Bc3 Kg8 25. Qb2 Bf8 26. h4 Bb5 27. Bb1 Qa6 28. Qc2 Rd3 29. Qa2 Rd8 30. h5 Rd5 31. Qc2 Rd3 32. Bb2 e5 33. Ne1 e4 34. Nxd3 exd3 35. Qc3 Qa4 36. Ba2 Nxb4 37. axb4 Qxa2 38. Ra1 Qb3 39. Qxb3 cxb3 40. Bc3 Be7 41. Rb1 Bc4 42. Rb2 Kf8 43. f3 Ke8 44. Kf2 Kd7 45. Rb1 Kc6 46. Ke1 Kb5 47. Bxg7 Bxb4+ 48. Kd1 a5 49. g4 f6 50. Bxf6 a4 51. g5 a3 52. Kc1 d2+ 53. Kd1 b2 54. Bxb2 Bb3+ 55. Ke2 axb2 0-1

[Event "CRO-chT1B 28th"]
[Site "Mali Losinj"]
[Date "2019.10.03"]
[Round "6.51"]
[White "Lenic, Luka"]
[Black "Brkic, Ante"]
[Result "1-0"]
[WhiteElo "2644"]
[BlackElo "2600"]
[PlyCount "133"]
[EventDate "2019.09.28"]
[EventType "team-tourn"]
[EventRounds "9"]
[EventCountry "CRO"]
[SourceTitle "EXT 2020"]
[Source "ChessBase"]
[SourceDate "2019.10.17"]
[SourceVersion "1"]
[SourceVersionDate "2019.10.17"]
[SourceQuality "1"]
[WhiteTeam "Sesvete Agroproteinka"]
[BlackTeam "Vinkovci"]
[WhiteTeamCountry "CRO"]
[BlackTeamCountry "CRO"]

1. d4 Nf6 2. c4 e6 3. Nf3 d5 4. Nc3 Bb4 5. cxd5 exd5 6. Bg5 h6 7. Bh4 0-0 8. e3 Bf5 9. Be2 Nbd7 10. Qb3 Bxc3+ 11. Qxc3 Ne4 12. Qb3 Ndf6 13. 0-0 Rb8 14. Qa3 a6 15. Ne5 Qd6 16. Qxd6 cxd6 17. Bxf6 Nxf6 18. Nd3 Rbc8 19. Rfc1 Rfe8 20. Ne1 g5 21. Rxc8 Rxc8 22. f3 Nd7 23. Kf2 Bg6 24. Bd1 f5 25. Ke2 Nf6 26. Kd2 Bf7 27. a4 Kf8 28. Nd3 Ke7 29. Ra3 Rc7 30. Nc1 Kd8 31. Ne2 Be6 32. Bc2 Nh5 33. Ra1 Rf7 34. h4 Ke7 35. hxg5 hxg5 36. Rh1 Ng7 37. Rh6 Ne8 38. a5 Bd7 39. Rg6 g4 40. Nf4 Nc7 41. Bb3 gxf3 42. Nxd5+ Nxd5 43. Bxd5 Rh7 44. Bxf3 Bc6 45. Ke2 Rh1 46. d5 Bd7 47. Rg7+ Kd8 48. Rg8+ Kc7 49. e4 Rb1 50. exf5 Rxb2+ 51. Ke3 Bxf5 52. g4 Bb1 53. g5 Rb3+ 54. Kf4 Rb4+ 55. Kg3 Rb3 56. Kg4 Rb4+ 57. Kg3 Rb3 58. Rf8 b6 59. axb6+ Rxb6 60. Rf7+ Kd8 61. Bg4 Ke8 62. Bh5 Kd8 63. g6 Rb3+ 64. Kf4 Rb4+ 65. Kg5 Bxg6 66. Kxg6 a5 67. Kf5 1-0

[Event "SLO-chT 29th"]
[Site "Slovenia"]
[Date "2019.09.06"]
[Round "1.4"]
[White "Lenic, Luka"]
[Black "Ivanisevic, Ivan"]
[Result "1/2-1/2"]
[WhiteElo "2644"]
[BlackElo "2618"]
[PlyCount "107"]
[EventDate "2019.09.06"]
[EventType "team-tourn"]
[EventRounds "9"]
[EventCountry "SLO"]
[SourceTitle "CBM 192 Extra"]
[Source "Chessbase"]
[SourceDate "2019.11.06"]
[SourceVersion "1"]
[SourceVersionDate "2019.11.06"]
[SourceQuality "1"]
[WhiteTeam "Ljubljana"]
[BlackTeam "Ptuj"]
[WhiteTeamCountry "SLO"]
[BlackTeamCountry "SLO"]

1. d4 Nf6 2. c4 c5 3. Nf3 cxd4 4. Nxd4 Nc6 5. Nc3 e6 6. e4 Bb4 7. Nxc6 bxc6 8. Bd3 e5 9. 0-0 0-0 10. Be3 d6 11. h3 Bxc3 12. bxc3 c5 13. Qc2 Nd7 14. a4 Rb8 15. a5 Ba6 16. Rfd1 Qc7 17. Be2 Rfd8 18. Rd2 Nf8 19. Rad1 Ng6 20. Qa4 f6 21. Bg4 Bc8 22. Bh5 Bd7 23. Qa2 Be6 24. Bg4 Bf7 25. Rd3 Ne7 26. Qd2 h5 27. Be2 Nc8 28. Qa2 Qc6 29. f3 Rd7 30. R3d2 Rdb7 31. Bd3 Rb3 32. Rc1 Ne7 33. Bf1 Qc7 34. Rcd1 Nc8 35. Rc1 Be6 36. h4 R8b7 37. f4 Qc6 38. Bd3 Bg4 39. Kh2 Rb8 40. Qa1 Qe8 41. Bc2 R3b7 42. f5 Qc6 43. Qa4 Qxa4 44. Bxa4 Kf7 45. Bb5 Ke7 46. Rcc2 a6 47. Bxa6 Ra7 48. Bxc8 Rxc8 49. Rb2 Rcc7 50. Rb6 Rxa5 51. Rbxd6 Ra8 52. R6d5 Rac8 53. Kg3 Kf7 54. Rd7+ 1/2-1/2

[Event "HUN-chT 1819"]
[Site "Hungary"]
[Date "2019.04.27"]
[Round "8.4"]
[White "Lenic, Luka"]
[Black "Varga, Zoltan"]
[Result "1/2-1/2"]
[WhiteElo "2657"]
[BlackElo "2444"]
[PlyCount "43"]
[EventDate "2018.11.17"]
[EventType "team-tourn"]
[EventRounds "9"]
[EventCountry "HUN"]
[SourceTitle "CBM 190 Extra"]
[Source "ChessBase"]
[SourceDate "2019.07.15"]
[SourceVersion "1"]
[SourceVersionDate "2019.07.15"]
[SourceQuality "1"]
[WhiteTeam "Aquaprofit"]
[BlackTeam "Csuti Hydro"]
[WhiteTeamCountry "HUN"]
[BlackTeamCountry "HUN"]

1. c4 c5 2. Nf3 Nc6 3. d4 cxd4 4. Nxd4 Nf6 5. Nc3 Qb6 6. Nb3 e6 7. e4 Bb4 8. Bd3 Ne5 9. 0-0 Qd6 10. Bf4 Bxc3 11. bxc3 Qxd3 12. Bxe5 Qxd1 13. Rfxd1 Nxe4 14. Bxg7 Rg8 15. Bd4 b6 16. f3 Nd6 17. c5 Nc4 18. Bf2 Bb7 19. Rd4 b5 20. Kf1 e5 21. Rh4 Rg7 22. a4 1/2-1/2

[Event "PRO League Stage"]
[Site "Chess.com INT"]
[Date "2019.01.22"]
[Round "3"]
[White "Lenic, Luka"]
[Black "Delorme, Alban"]
[Result "1-0"]
[WhiteElo "2645"]
[BlackElo "2320"]
[PlyCount "77"]
[EventDate "2019.01.08"]
[EventType "team-swiss (rapid)"]
[EventRounds "10"]
[EventCountry "USA"]
[SourceTitle "CBM 188 Extra"]
[Source "ChessBase"]
[SourceDate "2019.02.26"]
[SourceVersion "1"]
[SourceVersionDate "2019.02.26"]
[SourceQuality "1"]
[WhiteTeam "Ljubljana Turtles"]
[BlackTeam "Marseille Migraines"]
[WhiteTeamCountry "SLO"]
[BlackTeamCountry "FRA"]

1. Nf3 c5 2. c4 Nf6 3. d4 cxd4 4. Nxd4 Nc6 5. Nc3 d5 6. cxd5 Nxd5 7. Nxc6 bxc6 8. Bd2 e5 9. e4 Nf4 10. Be3 Qxd1+ 11. Rxd1 Bb4 12. g3 Ne6 13. Bc4 0-0 14. 0-0 Rd8 15. Rxd8+ Nxd8 16. Na4 Be6 17. Rc1 Bd7 18. Nc5 Bxc5 19. Bxc5 Ne6 20. Be3 Nd4 21. f4 Be6 22. Bxd4 exd4 23. Bxe6 fxe6 24. Rxc6 Rd8 25. Kf2 d3 26. Ke1 Kf7 27. Kd2 Rd4 28. Rc7+ Kg6 29. Rxa7 Rxe4 30. Kxd3 Re1 31. b4 Rb1 32. Kc4 Rb2 33. b5 Rxh2 34. a4 Kf5 35. Rxg7 Ke4 36. b6 Rc2+ 37. Kb5 h5 38. b7 h4 39. gxh4 1-0

[Event "PRO League Stage"]
[Site "Chess.com INT"]
[Date "2019.01.22"]
[Round "3"]
[White "Moussard, Jules"]
[Black "Lenic, Luka"]
[Result "0-1"]
[WhiteElo "2605"]
[BlackElo "2645"]
[PlyCount "118"]
[EventDate "2019.01.08"]
[EventType "team-swiss (rapid)"]
[EventRounds "10"]
[EventCountry "USA"]
[SourceTitle "CBM 188 Extra"]
[Source "ChessBase"]
[SourceDate "2019.02.26"]
[SourceVersion "1"]
[SourceVersionDate "2019.02.26"]
[SourceQuality "1"]
[WhiteTeam "Marseille Migraines"]
[BlackTeam "Ljubljana Turtles"]
[WhiteTeamCountry "FRA"]
[BlackTeamCountry "SLO"]

1. e4 c5 2. Nf3 Nc6 3. Nc3 e5 4. Bc4 Be7 5. 0-0 d6 6. d3 Nf6 7. Ng5 0-0 8. f4 Bg4 9. Nf3 exf4 10. Bxf4 Nh5 11. Be3 Ne5 12. Bb3 Bf6 13. Kh1 Rc8 14. Bd5 Qd7 15. Qd2 b5 16. a3 a5 17. a4 b4 18. Nb5 Nxf3 19. gxf3 Be6 20. Bxe6 fxe6 21. c4 e5 22. Rg1 g6 23. Raf1 Bg7 24. b3 Rf7 25. Qg2 Rcf8 26. Rf2 Nf4 27. Bxf4 Rxf4 28. Rgf1 Bf6 29. Rg1 Bh4 30. Rff1 Kg7 31. h3 Be7 32. Qg3 Rh4 33. Kh2 Rff4 34. Rg2 Rh5 35. Rfg1 Bh4 36. Qg4 Rxg4 37. Rxg4 Bg5 38. Kg2 Be3 39. Rh1 Rg5 40. Rxg5 Bxg5 41. Kf2 Bh4+ 42. Ke2 Kf7 43. Rh2 Ke6 44. Rg2 Qe7 45. Rg4 Kd7 46. f4 Qf6 47. f5 gxf5 48. exf5 Bg5 49. h4 Bh6 50. Rg8 Qxf5 51. Rh8 Qg4+ 52. Ke1 Qg3+ 53. Kf1 Qf3+ 54. Ke1 Qe3+ 55. Kf1 Qxd3+ 56. Kf2 Qe3+ 57. Kg2 Qe4+ 58. Kf2 Be3+ 59. Ke2 Bf4+ 0-1

[Event "SLO-chT 28th"]
[Site "Slovenia"]
[Date "2018.12.16"]
[Round "9.3"]
[White "Oleksienko, Mikhailo"]
[Black "Lenic, Luka"]
[Result "1-0"]
[WhiteElo "2582"]
[BlackElo "2657"]
[PlyCount "153"]
[EventDate "2018.11.02"]
[EventType "team-tourn"]
[EventRounds "9"]
[EventCountry "SLO"]
[SourceTitle "CBM 187 Extra"]
[Source "ChessBase"]
[SourceDate "2018.11.04"]
[SourceVersion "1"]
[SourceVersionDate "2018.11.04"]
[SourceQuality "1"]
[WhiteTeam "Maribor"]
[BlackTeam "Ljubljana"]
[WhiteTeamCountry "SLO"]
[BlackTeamCountry "SLO"]

1. e4 c5 2. Nf3 Nc6 3. d4 cxd4 4. Nxd4 Nf6 5. Nc3 e5 6. Ndb5 d6 7. Bg5 a6 8. Na3 b5 9. Bxf6 gxf6 10. Nd5 f5 11. Bd3 Be6 12. c3 Bxd5 13. exd5 Ne7 14. Nxb5 Bg7 15. Na3 0-0 16. 0-0 e4 17. Be2 Ng6 18. Qc2 Qg5 19. Nc4 Rad8 20. Kh1 Rfe8 21. f3 h5 22. Rae1 Nf4 23. g3 Nxd5 24. Rd1 Ne3 25. Nxe3 Qxe3 26. fxe4 h4 27. Rd3 Qxe4+ 28. Bf3 Qe6 29. Bd5 Qe2 30. Qxe2 Rxe2 31. Rxf5 Rd7 32. gxh4 Be5 33. b4 Rxh2+ 34. Kg1 Rxh4 35. Rdf3 Rh7 36. Kf1 Kf8 37. Ke2 Rc7 38. c4 Rh2+ 39. Rf2 Rxf2+ 40. Rxf2 Bc3 41. b5 Bd4 42. Rf3 Re7+ 43. Kd3 Bc5 44. bxa6 Ke8 45. a4 Kd8 46. Kd2 Bb4+ 47. Kd1 Kc8 48. Rg3 Re1+ 49. Kc2 Bc5 50. Rb3 Re2+ 51. Kd1 Ra2 52. Bc6 Kc7 53. Be8 Bb6 54. Rb4 f5 55. Bf7 Ra1+ 56. Kc2 Ra2+ 57. Kb1 Re2 58. a5 Bc5 59. Rb7+ Kc8 60. Bd5 Re1+ 61. Kc2 Re2+ 62. Kd1 Re5 63. Rf7 Kb8 64. a7+ Bxa7 65. Rb7+ Ka8 66. Rb5+ Rxd5+ 67. Rxd5 Bc5 68. Kc2 Kb7 69. Kb3 f4 70. Rf5 Be3 71. Ka4 Kc6 72. Kb4 Bd2+ 73. Kb3 Be3 74. Ka4 Kd7 75. a6 Kc6 76. Rf7 d5 77. Rf6+ 1-0

[Event "SLO-chT 28th"]
[Site "Slovenia"]
[Date "2018.12.15"]
[Round "8.4"]
[White "Lenic, Luka"]
[Black "Tomazini, Aljosa"]
[Result "1-0"]
[WhiteElo "2657"]
[BlackElo "2363"]
[PlyCount "73"]
[EventDate "2018.11.02"]
[EventType "team-tourn"]
[EventRounds "9"]
[EventCountry "SLO"]
[SourceTitle "CBM 187 Extra"]
[Source "ChessBase"]
[SourceDate "2018.11.04"]
[SourceVersion "1"]
[SourceVersionDate "2018.11.04"]
[SourceQuality "1"]
[WhiteTeam "Ljubljana"]
[BlackTeam "Slovenska Bistrica Impol"]
[WhiteTeamCountry "SLO"]
[BlackTeamCountry "SLO"]

1. Nf3 c5 2. c4 Nf6 3. d4 cxd4 4. Nxd4 d5 5. cxd5 Nxd5 6. Bd2 g6 7. e4 Nb6 8. Be3 Bg7 9. Nc3 Bd7 10. Be2 Nc6 11. Nb3 0-0 12. 0-0 Be6 13. Nc5 Bc4 14. Qe1 Qc7 15. Rc1 Bxe2 16. Qxe2 Rad8 17. Nb5 Qb8 18. g3 Nd4 19. Nxd4 Bxd4 20. Bf4 Qc8 21. Nb3 Qe6 22. e5 Na8 23. Bh6 Rfe8 24. Nxd4 Rxd4 25. Qb5 Red8 26. Qxb7 R4d7 27. Rc8 Nb6 28. Rxd8+ Rxd8 29. Qxa7 Nc4 30. Qc7 Re8 31. Rd1 f5 32. exf6 Nxb2 33. f7+ Kxf7 34. Qc3 Qf6 35. Qb3+ e6 36. Rd7+ Re7 37. Qb8 1-0